000
00243nam a2200085Ia 4500
245
0
_a
The Cambridge introduction to comedy
100
_a
Weitz, Eric Cambridge, UK, 2009
_9
85180
942
_c
BK
008
210817s9999 xx 000 0 und d
999
_c
316983
_d
316982